| 000 | 00812cab a2200241 4500 | ||
|---|---|---|---|
| 001 | WB3104-42 | ||
| 008 | 090401t1995 xxu||||| |||| 00| 0 eng d | ||
| 035 | _a(Sirsi) u75232 | ||
| 041 | _aeng | ||
| 245 | _aCrossRail revival put back 6 months | ||
| 260 | _c1995 | ||
| 350 | _a0 | ||
| 490 |
_aFinancial Times _v26 January 1995, 10 |
||
| 490 |
_aEvening Standard _v30 January 1995, 6(2) |
||
| 520 | _aPlans to reinstigate the CrossRail project, by placing a draft order before Parliament under the Transport and Works Act procedure, are being delayed until November while cheaper alternatives are examined. | ||
| 650 | _aCROSSRAIL PROJECT | ||
| 650 | _aLONDON | ||
| 650 | _aRAILWAYS | ||
| 650 | _aUNDERGROUND RAILWAYS | ||
| 690 | _aTRANSPORT AND COMMUNICATIONS | ||
| 942 | _n0 | ||
| 948 | _c04/03/1997 | ||
| 999 |
_c47397 _d47397 |
||